مولانا برکت الله بھوپالی : (Record no. 108591)

MARC details
000 -LEADER
fixed length control field 00859nam a22002417a 4500
005 - DATE AND TIME OF LATEST TRANSACTION
control field 20200603151955.0
010 ## - LCCN (DPL NO)
LC control number A-880746
020 ## - INTERNATIONAL STANDARD BOOK NUMBER
Terms of availability 28.00
035 ## - SYSTEM CONTROL NUMBER
System control number A-880746
037 ## - SOURCE OF ACQUISITION
Source of stock number/acquisition Cen Lib/Ret
082 ## - DEWEY DECIMAL CLASSIFICATION NUMBER
Classification number 921
Item number ب ر ک
100 ## - MAIN ENTRY--PERSONAL NAME
Personal name سیّد علی وجدی الحسنی
245 ## - TITLE STATEMENT
Title مولانا برکت الله بھوپالی :
Statement of responsibility, etc سیّد عابد علی وجدی الحسنی
Remainder of title انٹقلابی سوانح /
246 ## - VARYING FORM OF TITLE
Title proper/short title Maulana Barkat allagh bhopali /
Remainder of title by Syed Abid Ali Wajdi-Ul-Husaini
260 ## - PUBLICATION, DISTRIBUTION, ETC. (IMPRINT)
Place of publication, distribution, etc بھوپال
Name of publisher, distributor, etc مدھیہ پردیش اردو اکادمی
Date of publication, distribution, etc 1986 ء
270 ## - ADDRESS
City بھوپال
300 ## - PHYSICAL DESCRIPTION
Extent 288p.
Dimensions 20cm(Hb)
650 ## - SUBJECT ADDED ENTRY--TOPICAL TERM
Topical term or geographic name as entry element ادب -- اردو
650 ## - SUBJECT ADDED ENTRY--TOPICAL TERM
Topical term or geographic name as entry element اردوسوانے عمری
650 ## - SUBJECT ADDED ENTRY--TOPICAL TERM
Topical term or geographic name as entry element Urdu literature
650 ## - SUBJECT ADDED ENTRY--TOPICAL TERM
Topical term or geographic name as entry element Urdu biography
942 ## - ADDED ENTRY ELEMENTS (KOHA)
Source of classification or shelving scheme Dewey Decimal Classification
Item type Urdu Bks
Classification part 921
Call number suffix ب ر ک
Holdings
Withdrawn status Lost status Not for loan Home library Current library Date acquired Source of acquisition Cost, normal purchase price Full call number Barcode Copy number Cost, replacement price Koha item type
      Central Library Central Library 23/01/2016 Cen Lib/Ret 28.00 921 ب ر ک A-880746 1 28.00 Urdu Bks

© Delhi Public Library
Hit Counter
free hit counter